[Event "Pfalz-ch 75th"]
[Site "Kaiserslautern"]
[Date "2006.04.07"]
[Round "1"]
[White "Sosgornik, Markus"]
[Black "Scholz, Herbert"]
[Result "1/2-1/2"]
[WhiteElo "1273"]
[BlackElo "1748"]
[PlyCount "98"]
[EventDate "2006.04.07"]
[EventType "swiss"]
[EventRounds "7"]
[EventCountry "GER"]
[SourceTitle "EXT 2007"]
[Source "ChessBase"]
[SourceDate "2006.11.23"]
[SourceVersion "1"]
[SourceVersionDate "2006.11.23"]
[SourceQuality "1"]

1. e4 c6 2. d3 d5 3. exd5 cxd5 4. Nf3 Nc6 5. d4 Qb6 6. Nc3 Nf6 7. Rb1 Bg4 8. Be2 e6 9. Be3 Be7 10. 0-0 0-0 11. Ne5 Bxe2 12. Nxe2 Qc7 13. Bf4 Bd6 14. Nxc6 bxc6 15. Bxd6 Qxd6 16. Re1 a5 17. Ng3 Qf4 18. c3 Qh4 19. h3 g5 20. Qf3 Qh6 21. Qe3 Qg6 22. Rbc1 h5 23. b3 h4 24. Ne2 g4 25. Nf4 Qg7 26. hxg4 Qxg4 27. Nh3 Rfc8 28. Qg5+ Qxg5 29. Nxg5 c5 30. dxc5 Rxc5 31. Nf3 Rac8 32. Re3 Ne4 33. c4 f5 34. Nxh4 dxc4 35. f3 cxb3 36. Rxc5 Rxc5 37. axb3 Rc1+ 38. Kh2 Nc5 39. Ng6 Rb1 40. Re5 Rc1 41. Re3 Rb1 42. Re5 Rc1 43. Re3 Kg7 44. Nf4 Kf7 45. Nd3 Nxd3 46. Rxd3 Rc5 47. Kg3 e5 48. Kf2 Ke6 49. Ke3 Rb5 1/2-1/2